Hans Scharoun 1893-1972: proscrito de la modernidad
Պահպանված է:
| Հիմնական հեղինակներ: | , |
|---|---|
| Ձևաչափ: | Գիրք |
| Լեզու: | իսպաներեն |
| Հրապարակվել է: |
Colonia
Taschen
2004
|
| Խորագրեր: | |
| Ցուցիչներ: |
Ավելացրեք ցուցիչ
Չկան պիտակներ, Եղեք առաջինը, ով նշում է այս գրառումը!
|
MARC
| LEADER | 00000nam a2200000 a 4500 | ||
|---|---|---|---|
| 001 | UCG7133 | ||
| 003 | CL-VaPUC | ||
| 008 | 110617e20040000GW |||||||||||||||||spa|d | ||
| 020 | |a 3822827762 | ||
| 082 | 0 | 4 | |a 720 |b SYR |2 21 |
| 100 | 0 | |a Syring, Eberhard |e author |9 557686 | |
| 700 | |a Kirschenmann, Jörg C |e author |9 475068 | ||
| 245 | 1 | 0 | |a Hans Scharoun 1893-1972: proscrito de la modernidad |
| 300 | |a 96 p | ||
| 942 | |c BK | ||
| 945 | |d 20110617 00:00:00 |a dcastane | ||
| 260 | |a Colonia |b Taschen |c 2004 | ||
| 600 | 0 | 7 | |a SCHAROUN, BERNARD HANS HENRY |2 CL-VaPUC |9 557688 |
| 650 | 0 | |a Arquitectura |9 804558 | |
| 650 | 0 | |a Arquitectura alemana |9 369882 | |
| 650 | 0 | |a Arquitectos alemanes |9 557691 | |
| 650 | 0 | |a Arquitectura orgánica |9 332355 | |
| 583 | |a last modification |c 20110617 00:00:00 |k Rodrigo Vera | ||
| 999 | |c 345197 |d 345195 | ||
| 952 | |0 0 |1 0 |4 0 |6 720_000000000000000_SYR_2004 |7 0 |8 C |9 443675 |a BIBCUR |b BIBCUR |d 2019-11-22 |i 4785444 |o 720 SYR 2004 |p 4785444 |r 2025-04-22 |w 2019-11-22 |y BK |k CAC | ||